| 000 | 01700cam a2200229 4500 | ||
|---|---|---|---|
| 001 | ##L134476 | ||
| 008 | 060808n2006 000 0 eng u | ||
| 020 | _a1844787915 | ||
| 035 | _a(Sirsi) u134476 | ||
| 041 | 0 | _aeng | |
| 050 | 0 | 4 | _a727.2 $2 18 |
| 110 | 2 |
_aPriceWaterhouseCoopers _93793 |
|
| 245 | 0 | 0 |
_aAcademies evaluation _b3rd annual report |
| 260 |
_aNottingham _bDfES _c2006 |
||
| 520 | _aProvides an overview of the key findings of the third annual evaluation of the city academies programme, based on surveys and interviews conducted in 15 academies and nine predecessor schools. Although the majority of staff and pupils appreciated the new buildings and facilities, a number of key aspects of final design were broadly regarded as unsatisfactory or not fit for purpose; these included poor classroom design and size, inadequate changing facilities and poor quality workmanship. Concerns were also expressed about lack of consultation with key stakeholders, poor co-ordination between the DfES, industry, the school, and the sponsor, and inexperienced project managers, architects and builders. The report recommends a much wider consultation with stakeholders at the design stage, and the need for a more appropriate balance to be struck between the look and feel of the academies and their practical design aspects. | ||
| 590 | _aIKA220806 | ||
| 651 | 4 |
_aEngland and Wales _y1543- |
|
| 690 | _aBUILT ENVIRONMENT-CONSTRUCTION DESIGN | ||
| 710 | 1 |
_aUnited Kingdom _bDepartment for Education and Skills _95006 |
|
| 856 | 4 | 0 |
_uhttps://www.education.gov.uk/publications/eOrderingDownload/00250-2006DOC-EN.pdf _zView the item free of charge at www.standards.dfes.gov.uk/... |
| 942 | _n0 | ||
| 999 |
_c105692 _d105692 |
||